<?xml version="1.0" encoding="UTF-8"?>
<collection xmlns="http://www.loc.gov/MARC21/slim">
 <record>
  <leader>00866nam a2200181 a 4500</leader>
  <controlfield tag="001">1/54135</controlfield>
  <controlfield tag="008">211022s1996    enk           000 | eng d</controlfield>
  <datafield tag="020" ind1=" " ind2=" ">
   <subfield code="a">9603092975</subfield>
  </datafield>
  <datafield tag="040" ind1=" " ind2=" ">
   <subfield code="a">GR-PeUP</subfield>
  </datafield>
  <datafield tag="082" ind1="0" ind2="0">
   <subfield code="a">327.49504976 ΣΚΟ</subfield>
  </datafield>
  <datafield tag="100" ind1="1" ind2=" ">
   <subfield code="a">Σκουμπουρδής, Σακελλάρης,</subfield>
   <subfield code="d">1956-</subfield>
  </datafield>
  <datafield tag="245" ind1="0" ind2="0">
   <subfield code="a">Makedonissimo : </subfield>
   <subfield code="b">&quot;η στρατηγική της πλάκας&quot; / </subfield>
   <subfield code="c">Σακελλάρης Σκουμπουρδής.</subfield>
  </datafield>
  <datafield tag="260" ind1=" " ind2=" ">
   <subfield code="a">Αθήνα : </subfield>
   <subfield code="b">Δελφίνι, </subfield>
   <subfield code="c">1996.</subfield>
  </datafield>
  <datafield tag="300" ind1=" " ind2=" ">
   <subfield code="a">580 σ. ;</subfield>
   <subfield code="c">21 εκ.</subfield>
  </datafield>
  <datafield tag="651" ind1=" " ind2="4">
   <subfield code="a">Ελλάδα</subfield>
   <subfield code="x">Διπλωματικές σχέσεις</subfield>
   <subfield code="y">1974-</subfield>
  </datafield>
  <datafield tag="651" ind1=" " ind2="4">
   <subfield code="a">Ελλάδα </subfield>
   <subfield code="x">Διπλωματικές σχέσεις </subfield>
   <subfield code="y">Πρώην Γιουγκοσλαβική Δημοκρατία της Μακεδονίας.</subfield>
  </datafield>
  <datafield tag="852" ind1=" " ind2=" ">
   <subfield code="a">INST</subfield>
   <subfield code="b">UNIPILB</subfield>
   <subfield code="c">MAIN</subfield>
   <subfield code="e">20211022</subfield>
   <subfield code="h">327.49504976 ΣΚΟ</subfield>
   <subfield code="p">00186628</subfield>
   <subfield code="q">00186628</subfield>
   <subfield code="t">LOAN</subfield>
   <subfield code="y">0</subfield>
   <subfield code="4">1</subfield>
  </datafield>
  <datafield tag="960" ind1=" " ind2=" ">
   <subfield code="a">ΑΛΜΠΑΝΗ ΤΑΝΙΑ</subfield>
  </datafield>
 </record>
</collection>
